[Event "Stare Mesto Slavia Kromeriz op 2nd"]
[Site "Stare Mesto"]
[Date "2024.03.29"]
[Round "2"]
[White "Horak, Jan"]
[Black "Lisik, Miroslav"]
[Result "1-0"]
[WhiteElo "2141"]
[BlackElo "1870"]
[PlyCount "47"]
[EventDate "2024.03.28"]
[EventType "swiss"]
[EventRounds "7"]
[EventCountry "CZE"]
[SourceTitle "CB14_2024"]
[SourceDate "2024.04.01"]
[SourceVersion "1"]
[SourceVersionDate "2024.04.01"]
[SourceQuality "1"]

1. d4 Nf6 2. g3 g6 3. Bg2 Bg7 4. e4 d6 5. Ne2 e5 6. h3 0-0 7. 0-0 Re8 8. Nbc3 Nbd7 9. Be3 c6 10. a4 Qa5 11. Re1 Nb6 12. Qd3 Be6 13. b3 Rad8 14. f4 exd4 15. Bxd4 d5 16. e5 Bf5 17. Qd2 Nfd7 18. g4 Be6 19. Rad1 f6 20. exf6 Nxf6 21. f5 Bf7 22. Bxf6 Bxf6 23. Ne4 Bd4+ 24. Nxd4 1-0

[Event "South Moravia Region-chT 2223"]
[Site "Czech Republic"]
[Date "2023.04.02"]
[Round "11.4"]
[White "Horak, Bronislav"]
[Black "Lisik, Miroslav"]
[Result "1/2-1/2"]
[WhiteElo "1900"]
[BlackElo "1666"]
[PlyCount "77"]
[EventDate "2022.10.09"]
[EventType "team-tourn"]
[EventRounds "11"]
[EventCountry "CZE"]
[SourceTitle "EXT 2024"]
[Source "ChessBase"]
[SourceDate "2023.10.10"]
[SourceVersion "1"]
[SourceVersionDate "2023.10.10"]
[SourceQuality "1"]

1. e4 c5 2. Nc3 g6 3. f4 Bg7 4. Nf3 Nc6 5. Bc4 e6 6. 0-0 Nge7 7. d3 0-0 8. e5 d6 9. Qe1 a6 10. exd6 Qxd6 11. Ne4 Qc7 12. c3 b5 13. Bb3 Na5 14. Qh4 Nf5 15. Qh3 Nxb3 16. axb3 Nd6 17. Nfg5 h6 18. Nf3 c4 19. bxc4 e5 20. g4 Nxe4 21. dxe4 exf4 22. cxb5 h5 23. Qh4 Bxg4 24. h3 Qb6+ 25. Kg2 Bxf3+ 26. Rxf3 Qxb5 27. Qxf4 Qe5 28. Qxe5 Bxe5 29. Bf4 Bxf4 30. Rxf4 Rfb8 31. Rf2 a5 32. Ra4 Rb5 33. b4 Kf8 34. Rfa2 Rc8 35. bxa5 Rxc3 36. a6 Rc8 37. a7 Ra8 38. Rc2 Rb7 39. Rca2 1/2-1/2

[Event "South Moravia Region-chT 2223"]
[Site "Czech Republic"]
[Date "2023.02.26"]
[Round "9.3"]
[White "Lisik, Miroslav"]
[Black "Vaculik, Martin1111"]
[Result "1/2-1/2"]
[WhiteElo "1666"]
[BlackElo "1892"]
[PlyCount "20"]
[EventDate "2022.10.09"]
[EventType "team-tourn"]
[EventRounds "11"]
[EventCountry "CZE"]
[SourceTitle "EXT 2024"]
[Source "ChessBase"]
[SourceDate "2023.10.10"]
[SourceVersion "1"]
[SourceVersionDate "2023.10.10"]
[SourceQuality "1"]

1. e4 e6 2. d4 d5 3. Nd2 Be7 4. e5 c5 5. c3 Nc6 6. Nb3 a5 7. a4 cxd4 8. cxd4 Qb6 9. Bb5 Bd7 10. Nf3 Bb4+ 1/2-1/2

[Event "South Moravia Region-chT 2223"]
[Site "Czech Republic"]
[Date "2022.12.11"]
[Round "5.6"]
[White "Jacko, Tomas"]
[Black "Lisik, Miroslav"]
[Result "1-0"]
[WhiteElo "2119"]
[BlackElo "1666"]
[PlyCount "75"]
[EventDate "2022.10.09"]
[EventType "team-tourn"]
[EventRounds "11"]
[EventCountry "CZE"]
[SourceTitle "EXT 2024"]
[Source "ChessBase"]
[SourceDate "2023.10.10"]
[SourceVersion "1"]
[SourceVersionDate "2023.10.10"]
[SourceQuality "1"]

1. e4 c5 2. d4 cxd4 3. c3 dxc3 4. Nxc3 Nc6 5. Nf3 e6 6. Bc4 Bb4 7. 0-0 Nge7 8. Nb5 0-0 9. Bf4 Ba5 10. Qe2 a6 11. Nd6 Ng6 12. Bg3 b5 13. Bb3 Bc7 14. h4 h6 15. h5 Nge7 16. Rfd1 Na5 17. Bc2 Bxd6 18. Bxd6 Bb7 19. Ne5 Bc6 20. b4 Nb7 21. Nxc6 dxc6 22. Be5 Qc8 23. Qg4 f6 24. Bb3 Nd8 25. Bd6 Re8 26. Rac1 Kh8 27. e5 Nb7 28. Bxe6 Qd8 29. exf6 gxf6 30. Bxe7 Qxe7 31. Rd7 Qf8 32. Qg6 Re7 33. Rxe7 Qxe7 34. Qxh6+ Qh7 35. Qxf6+ Qg7 36. Qxg7+ Kxg7 37. Rxc6 Nd8 38. Rc7+ 1-0

[Event "South Moravia Region-chT 2223"]
[Site "Czech Republic"]
[Date "2022.10.09"]
[Round "1.5"]
[White "Klenner, Richard"]
[Black "Lisik, Miroslav"]
[Result "1-0"]
[WhiteElo "1962"]
[BlackElo "1666"]
[PlyCount "81"]
[EventDate "2022.10.09"]
[EventType "team-tourn"]
[EventRounds "11"]
[EventCountry "CZE"]
[SourceTitle "EXT 2024"]
[Source "ChessBase"]
[SourceDate "2023.10.10"]
[SourceVersion "1"]
[SourceVersionDate "2023.10.10"]
[SourceQuality "1"]

1. e4 c5 2. Nf3 g6 3. d4 cxd4 4. Nxd4 Bg7 5. Bc4 Qa5+ 6. c3 Nc6 7. 0-0 Nf6 8. Re1 d6 9. Nd2 0-0 10. Kh1 a6 11. f3 Qc7 12. Qe2 Na5 13. Bd3 e5 14. Nc2 Be6 15. c4 Rac8 16. b3 Nc6 17. Bb2 Nd7 18. Ne3 Nb4 19. Bb1 f5 20. a3 Nc6 21. Nd5 Bxd5 22. cxd5 Nd4 23. Qf1 Qd8 24. Nc4 Nc5 25. Bxd4 exd4 26. b4 Na4 27. Bd3 Nc3 28. exf5 gxf5 29. Re6 Rf6 30. Rae1 Rxe6 31. dxe6 Qe7 32. Bxf5 b5 33. Na5 Nd5 34. Qd3 h6 35. Qe4 Ne3 36. Bg6 Kh8 37. Nc6 Qg5 38. f4 Qh4 39. g3 Qh3 40. e7 Qd7 41. e8Q+ 1-0

[Event "Brno Trade op"]
[Site "Brno"]
[Date "2021.09.02"]
[Round "6"]
[White "Borkovec, Ondrej"]
[Black "Lisik, Miroslav"]
[Result "0-1"]
[WhiteElo "1223"]
[BlackElo "1680"]
[PlyCount "72"]
[EventDate "2021.08.29"]
[EventType "swiss"]
[EventRounds "9"]
[EventCountry "CZE"]
[SourceTitle "CBM 204 Extra"]
[Source "ChessBase"]
[SourceDate "2021.11.30"]
[SourceVersion "1"]
[SourceVersionDate "2021.11.30"]
[SourceQuality "1"]

1. d4 Nf6 2. g3 c5 3. Nf3 cxd4 4. Nxd4 e5 5. Nb3 d5 6. Bg2 Nc6 7. 0-0 Bf5 8. N1d2 Be7 9. c4 d4 10. Nf3 0-0 11. e3 d3 12. Bd2 a5 13. Bc3 e4 14. Nfd4 Bg6 15. f3 Bb4 16. Bxb4 Nxb4 17. a3 Nc2 18. Nxc2 dxc2 19. Qe2 Qd3 20. Nd4 Qxe2 21. Nxe2 Rac8 22. b3 a4 23. bxa4 Rxc4 24. Nd4 Nd5 25. Kf2 Rd8 26. fxe4 Nxe3 27. Kxe3 Rcxd4 28. Rfc1 Rd3+ 29. Kf4 Rd2 30. Bf3 Rxh2 31. Ra2 Rc8 32. Bg4 Rc7 33. Ke3 h5 34. Bf3 Rc3+ 35. Kf4 Rf2 36. Ke5 Rfxf3 0-1

[Event "Brno Trade op"]
[Site "Brno"]
[Date "2021.08.31"]
[Round "4"]
[White "Pokorny, Petr"]
[Black "Lisik, Miroslav"]
[Result "1-0"]
[WhiteElo "2162"]
[BlackElo "1680"]
[PlyCount "73"]
[EventDate "2021.08.29"]
[EventType "swiss"]
[EventRounds "9"]
[EventCountry "CZE"]
[SourceTitle "CBM 204 Extra"]
[Source "ChessBase"]
[SourceDate "2021.11.30"]
[SourceVersion "1"]
[SourceVersionDate "2021.11.30"]
[SourceQuality "1"]

1. d4 Nf6 2. c4 c5 3. d5 b5 4. cxb5 a6 5. e3 g6 6. Nc3 Bg7 7. Rb1 0-0 8. a4 d6 9. Nf3 Bb7 10. Be2 axb5 11. axb5 Nbd7 12. 0-0 Nb6 13. e4 e6 14. dxe6 fxe6 15. e5 Nfd5 16. Bg5 Qb8 17. Nxd5 Nxd5 18. exd6 Qxd6 19. Qd2 Rf7 20. Ra1 Qb8 21. Rxa8 Qxa8 22. Rc1 Qf8 23. Rc4 h6 24. Be3 Nxe3 25. Qxe3 Bd5 26. Rxc5 Qa8 27. Qc1 Kh7 28. h4 Qd8 29. h5 Be4 30. Qe3 Bf5 31. Ne5 Ra7 32. hxg6+ Bxg6 33. Nxg6 Ra1+ 34. Kh2 Qd6+ 35. Nf4 Bd4 36. Qe4+ Kg7 37. Qg6+ 1-0

[Event "Brno Duras op"]
[Site "Brno"]
[Date "2016.06.30"]
[Round "6"]
[White "Lisik, Miroslav"]
[Black "Klausner, Felix"]
[Result "1/2-1/2"]
[WhiteElo "1679"]
[BlackElo "1718"]
[PlyCount "52"]
[EventDate "2016.06.25"]
[EventType "swiss"]
[EventRounds "9"]
[EventCountry "CZE"]
[SourceTitle "CBM 173 Extra"]
[Source "ChessBase"]
[SourceDate "2016.08.29"]
[SourceVersion "1"]
[SourceVersionDate "2016.08.29"]
[SourceQuality "1"]

1. e4 c5 2. Nc3 a6 3. f4 b5 4. Nf3 Bb7 5. d3 e6 6. Be2 d5 7. exd5 exd5 8. 0-0 Nf6 9. Qe1 Be7 10. Kh1 0-0 11. Qg3 d4 12. Nd1 Re8 13. Nf2 Bd6 14. Ne5 Qc7 15. Nfg4 Nxg4 16. Bxg4 Bxe5 17. fxe5 Qxe5 18. Bf4 Qd5 19. Bf3 Qd7 20. Be5 g6 21. Qf4 Bxf3 22. Qxf3 Nc6 23. Bf6 Ne7 24. Bxe7 Qxe7 25. Rf2 Qe3 26. Qxf7+ Kh8 1/2-1/2

[Event "Brno Duras op"]
[Site "Brno"]
[Date "2016.06.28"]
[Round "4"]
[White "Dvorakova, Olga"]
[Black "Lisik, Miroslav"]
[Result "1/2-1/2"]
[WhiteElo "1529"]
[BlackElo "1679"]
[PlyCount "41"]
[EventDate "2016.06.25"]
[EventType "swiss"]
[EventRounds "9"]
[EventCountry "CZE"]
[SourceTitle "CBM 173 Extra"]
[Source "ChessBase"]
[SourceDate "2016.08.29"]
[SourceVersion "1"]
[SourceVersionDate "2016.08.29"]
[SourceQuality "1"]

1. d4 d5 2. Nf3 e6 3. c3 Nf6 4. Bg5 Be7 5. Nbd2 0-0 6. e3 Nbd7 7. Bd3 h6 8. Bh4 c5 9. 0-0 Re8 10. Ne5 Nxe5 11. dxe5 Nd7 12. Bxe7 Qxe7 13. f4 f6 14. exf6 Nxf6 15. e4 e5 16. exd5 exf4 17. Re1 Qf8 18. Qf3 Re3 19. Rxe3 fxe3 20. Qxe3 Bd7 21. Nb3 1/2-1/2

[Event "Brno op"]
[Site "Brno"]
[Date "2015.08.25"]
[Round "4"]
[White "Lisik, Miroslav"]
[Black "Vavrinkova, Anna"]
[Result "1-0"]
[WhiteElo "1692"]
[BlackElo "1399"]
[PlyCount "79"]
[EventDate "2015.08.23"]
[EventType "swiss"]
[EventRounds "9"]
[EventCountry "CZE"]
[SourceTitle "EXT 2016"]
[Source "ChessBase"]
[SourceDate "2015.10.08"]
[SourceVersion "1"]
[SourceVersionDate "2015.10.08"]
[SourceQuality "1"]

1. e4 d5 2. exd5 Qxd5 3. Nc3 Qd6 4. d4 c6 5. Nf3 Bg4 6. Be3 Nf6 7. h3 Bh5 8. g4 Bg6 9. Ne5 Ne4 10. Bg2 Nxc3 11. bxc3 Nd7 12. Nxd7 Qxd7 13. Qd2 e6 14. 0-0 0-0-0 15. c4 h5 16. g5 Bf5 17. Rfd1 Kb8 18. Rab1 Bd6 19. Rb2 Ka8 20. Rdb1 Rb8 21. d5 Be5 22. dxc6 Qxd2 23. cxb7+ Rxb7 24. Bxb7+ Kb8 25. Bg2+ Bxb2 26. Bxd2 Rd8 27. Rxb2+ Kc8 28. Bf4 Rd4 29. Rb8+ Kd7 30. Rb7+ Kc8 31. Be3 Rxc4 32. Rxf7 Rxc2 33. Rxa7 g6 34. a4 Ra2 35. a5 Bd3 36. Bb7+ Kb8 37. a6 Ra1+ 38. Kh2 Rb1 39. Ra8+ Kc7 40. Rc8+ 1-0

[Event "Brno op"]
[Site "Brno"]
[Date "2015.08.23"]
[Round "2"]
[White "Lisik, Miroslav"]
[Black "Janous, Petr"]
[Result "0-1"]
[WhiteElo "1692"]
[BlackElo "1883"]
[PlyCount "80"]
[EventDate "2015.08.23"]
[EventType "swiss"]
[EventRounds "9"]
[EventCountry "CZE"]
[SourceTitle "EXT 2016"]
[Source "ChessBase"]
[SourceDate "2015.10.08"]
[SourceVersion "1"]
[SourceVersionDate "2015.10.08"]
[SourceQuality "1"]

1. e4 e5 2. Nf3 Nf6 3. Nxe5 d6 4. Nf3 Nxe4 5. Qe2 Qe7 6. d3 Nf6 7. Bg5 Qxe2+ 8. Bxe2 Be7 9. Nc3 c6 10. 0-0-0 Na6 11. Rhe1 Nc7 12. Ne4 Nxe4 13. dxe4 Be6 14. Bxe7 Kxe7 15. Nd4 g6 16. f4 f6 17. f5 Bf7 18. b3 Rag8 19. g3 g5 20. a4 a5 21. Bc4 Rd8 22. Bxf7 Kxf7 23. Rd2 Rhe8 24. Rde2 Re7 25. c4 Rde8 26. Kd2 Na6 27. Ne6 Nc7 28. Nxc7 Rxc7 29. Kc3 Rce7 30. Rd1 Rxe4 31. Rxe4 Rxe4 32. Rxd6 Ke7 33. Rd4 Re2 34. Rd2 Rxd2 35. Kxd2 Kd6 36. Ke3 Ke5 37. h3 c5 38. g4 h6 39. Kd3 Kf4 40. Kd2 Kg3 0-1

[Event "Brno CEZ op"]
[Site "Brno"]
[Date "2014.08.29"]
[Round "7"]
[White "Lisik, Miroslav"]
[Black "Kosina, Vladimir"]
[Result "1-0"]
[WhiteElo "1678"]
[BlackElo "1799"]
[PlyCount "163"]
[EventDate "2014.08.24"]
[EventType "swiss"]
[EventRounds "9"]
[EventCountry "CZE"]
[SourceTitle "CBM 162 Extra"]
[Source "ChessBase"]
[SourceDate "2014.10.17"]
[SourceVersion "1"]
[SourceVersionDate "2014.10.17"]
[SourceQuality "1"]

1. e4 c5 2. Nc3 a6 3. g3 Nc6 4. Bg2 g6 5. f4 d6 6. h3 Bg7 7. Nf3 Nf6 8. d3 0-0 9. 0-0 Bd7 10. Ne2 Rc8 11. g4 Qb6 12. Kh1 h6 13. Qe1 Nh7 14. c3 e5 15. f5 g5 16. h4 f6 17. hxg5 hxg5 18. Qf2 Qd8 19. Kh2 Kf7 20. Rh1 Rh8 21. Kg1 Ke7 22. Ng3 Qg8 23. Nh5 Rf8 24. Be3 Be8 25. Bf1 Bf7 26. Kg2 Kd7 27. Be2 Kc7 28. Rh2 Rd8 29. d4 cxd4 30. cxd4 Rd7 31. d5 Bxd5 32. exd5 Qxd5 33. b3 Qe4 34. Kg3 d5 35. Bb6+ Kb8 36. Rc1 d4 37. Nd2 Qd5 38. Bc4 Qd6 39. Ne4 Qa3 40. Rd1 Qf8 41. Nc5 Qd6 42. Nxd7+ Qxd7 43. Be6 Qe7 44. Rc1 Nf8 45. Bc5 Qc7 46. Bxf8 Rxf8 47. Nxg7 e4+ 48. Kg2 Qxg7 49. Rxc6 e3 50. Qg3+ Ka7 51. Rd6 Re8 52. Rxd4 Qe7 53. Qxe3 Ka8 54. Rd7 Qxd7 55. Bxd7 Rxe3 56. Rh8+ Ka7 57. Rf8 Re2+ 58. Kf3 Rxa2 59. Rxf6 Rd2 60. Be6 Rd3+ 61. Ke2 Rg3 62. Rg6 Rxg4 63. Kf3 Rf4+ 64. Ke3 Rg4 65. f6 Rf4 66. f7 Rf1 67. Rxg5 Re1+ 68. Kf4 Rxe6 69. f8Q Rc6 70. Rc5 Rb6 71. Rc3 Rb5 72. Qd6 a5 73. Qd4+ Kb8 74. Ke3 Rh5 75. Kd2 Rh2+ 76. Kc1 Rh5 77. Qb6 a4 78. Rc7 Rh1+ 79. Kb2 a3+ 80. Kxa3 Ra1+ 81. Kb2 Ra7 82. Rd7 1-0

[Event "Brno Duras op-A"]
[Site "Brno"]
[Date "2014.07.01"]
[Round "4"]
[White "Macko, Michal"]
[Black "Lisik, Miroslav"]
[Result "1-0"]
[WhiteElo "2185"]
[BlackElo "1675"]
[PlyCount "129"]
[EventDate "2014.06.28"]
[EventType "swiss"]
[EventRounds "9"]
[EventCountry "CZE"]
[SourceTitle "CBM 161 Extra"]
[Source "ChessBase"]
[SourceDate "2014.08.29"]
[SourceVersion "1"]
[SourceVersionDate "2014.08.29"]
[SourceQuality "1"]

1. e4 c5 2. Nc3 Nc6 3. Bb5 g6 4. Bxc6 bxc6 5. f4 Bg7 6. Nf3 d6 7. d3 Bg4 8. 0-0 Nf6 9. h3 Bxf3 10. Qxf3 Nd7 11. Kh1 Rb8 12. Nd1 0-0 13. Rb1 Qc7 14. Bd2 f5 15. Ne3 fxe4 16. Qxe4 Nf6 17. Qc4+ d5 18. Qxc5 Rb5 19. Qa3 Nh5 20. Rf3 Rxf4 21. Nxd5 Rxd5 22. Bxf4 Nxf4 23. Re1 Re5 24. Qb3+ Kh8 25. Rxe5 Bxe5 26. Qf7 Qb8 27. Qxe7 Bd6 28. Qf7 Nh5 29. Re3 Ng3+ 30. Kg1 Bc5 31. Qf6+ Kg8 32. d4 Bd6 33. Qe6+ Kg7 34. Qd7+ Kh6 35. Re8 Qc7 36. Qxc7 Bxc7 37. c3 Bb6 38. Rc8 Ne2+ 39. Kf2 Nc1 40. Rxc6 Nxa2 41. Rxb6 axb6 42. Ke2 Nc1+ 43. Kd2 Nb3+ 44. Kd3 b5 45. Ke4 Kg7 46. Kd5 Kf7 47. Kc6 b4 48. d5 bxc3 49. bxc3 Ke7 50. Kc7 Nc5 51. c4 Ne4 52. Kc6 Nd2 53. d6+ Kd8 54. Kd5 Kd7 55. c5 Nb3 56. c6+ Kd8 57. g4 g5 58. Kc4 Na5+ 59. Kb5 Nb3 60. Kb6 Nd4 61. Kb7 Nxc6 62. Kxc6 Kc8 63. d7+ Kd8 64. Kd6 h6 65. Ke6 1-0

[Event "Brno Duras op-A"]
[Site "Brno"]
[Date "2013.06.29"]
[Round "8"]
[White "Lisik, Miroslav"]
[Black "Kosina, Vladimir"]
[Result "1-0"]
[WhiteElo "1647"]
[BlackElo "1810"]
[PlyCount "101"]
[EventDate "2013.06.22"]
[EventType "swiss"]
[EventRounds "9"]
[EventCountry "CZE"]
[SourceTitle "CBM 155 Extra"]
[Source "ChessBase"]
[SourceDate "2013.08.26"]
[SourceVersion "1"]
[SourceVersionDate "2013.08.26"]
[SourceQuality "1"]

1. e4 c6 2. d4 d5 3. exd5 cxd5 4. c4 Nf6 5. Nc3 e6 6. Nf3 Bb4 7. Bg5 0-0 8. Be2 a6 9. 0-0 Bxc3 10. bxc3 dxc4 11. Bxc4 b5 12. Bd3 Bb7 13. Ne5 h6 14. Bd2 Nbd7 15. Re1 Rc8 16. Qc1 Nxe5 17. Rxe5 Nd7 18. Rh5 Nf6 19. Rh3 Qd5 20. f3 b4 21. Qe1 bxc3 22. Bxc3 Rfd8 23. Rh4 Rd7 24. Kh1 Rdc7 25. Bd2 g5 26. Rxh6 Kg7 27. Rh3 Qxd4 28. Bf1 Qd5 29. Bxg5 Qxg5 30. Rg3 Qxg3 31. Qxg3+ Kf8 32. Qd6+ Kg7 33. h4 Rd7 34. Qg3+ Kf8 35. Qg5 Ke7 36. Rc1 Rd5 37. Qe3 Rcd8 38. Rc7+ R8d7 39. Rxd7+ Rxd7 40. Qb6 Nd5 41. Qc5+ Kf6 42. Qd4+ e5 43. Qd2 Ke7 44. Qg5+ f6 45. Qc1 Rc7 46. Qa3+ Ke6 47. Bxa6 Rc3 48. Qa4 Bc6 49. Bc8+ Kd6 50. Qa7 Re3 51. h5 1-0

[Event "Brno Duras op-A"]
[Site "Brno"]
[Date "2013.06.26"]
[Round "5"]
[White "Halbrstat, Petr"]
[Black "Lisik, Miroslav"]
[Result "1/2-1/2"]
[WhiteElo "1451"]
[BlackElo "1647"]
[PlyCount "53"]
[EventDate "2013.06.22"]
[EventType "swiss"]
[EventRounds "9"]
[EventCountry "CZE"]
[SourceTitle "CBM 155 Extra"]
[Source "ChessBase"]
[SourceDate "2013.08.26"]
[SourceVersion "1"]
[SourceVersionDate "2013.08.26"]
[SourceQuality "1"]

1. d4 Nf6 2. Bf4 g6 3. e3 Bg7 4. Nf3 d6 5. Nbd2 0-0 6. c3 b6 7. Be2 Bb7 8. 0-0 Nbd7 9. Qc2 Nh5 10. Rfe1 e5 11. dxe5 dxe5 12. Bg3 f5 13. Bh4 Qe8 14. Ng5 Nhf6 15. Bc4+ Bd5 16. Qb3 c6 17. f3 e4 18. fxe4 fxe4 19. Ngxe4 Bxc4 20. Qxc4+ Kh8 21. Nxf6 Nxf6 22. Bxf6 Rxf6 23. e4 Qe7 24. Rf1 Re6 25. Rae1 Re8 26. Re2 Bh6 27. Rfe1 1/2-1/2

[Event "Brno Duras op-A"]
[Site "Brno"]
[Date "2013.06.25"]
[Round "4"]
[White "Lisik, Miroslav"]
[Black "Zuziak, Petr"]
[Result "0-1"]
[WhiteElo "1647"]
[BlackElo "1628"]
[PlyCount "90"]
[EventDate "2013.06.22"]
[EventType "swiss"]
[EventRounds "9"]
[EventCountry "CZE"]
[SourceTitle "CBM 155 Extra"]
[Source "ChessBase"]
[SourceDate "2013.08.26"]
[SourceVersion "1"]
[SourceVersionDate "2013.08.26"]
[SourceQuality "1"]

1. e4 g6 2. d4 c6 3. Nf3 d5 4. Nc3 Nf6 5. exd5 cxd5 6. Bb5+ Bd7 7. 0-0 Bg7 8. Bf4 Nc6 9. Re1 0-0 10. Qc1 Bg4 11. Bxc6 bxc6 12. Ne5 Qb6 13. Qd2 Bf5 14. Na4 Qb5 15. Nc5 Ne4 16. Nxe4 Bxe4 17. c3 Qb7 18. f3 Bf5 19. g4 Bd7 20. Nd3 Rae8 21. Nc5 Qc8 22. h4 f6 23. Qh2 e5 24. Bg3 exd4 25. Nxd7 Qxd7 26. cxd4 f5 27. Be5 fxg4 28. f4 Bxe5 29. dxe5 d4 30. Qf2 Qd5 31. Qd2 c5 32. Rf1 c4 33. Rae1 Rd8 34. h5 d3 35. f5 Qd4+ 36. Kh2 gxf5 37. Qg5+ Kh8 38. h6 Qxb2+ 39. Kg3 Qb7 40. Rxf5 d2 41. Ref1 Rd3+ 42. Kh2 Rh3+ 43. Kg1 Qh1+ 44. Kf2 Rxf5+ 45. Ke2 Qxf1+ 0-1

[Event "Brno Duras op-A"]
[Site "Brno"]
[Date "2013.06.22"]
[Round "1"]
[White "Lisik, Miroslav"]
[Black "Al Dhabbi, Fares"]
[Result "1/2-1/2"]
[WhiteElo "1647"]
[BlackElo "1941"]
[PlyCount "116"]
[EventDate "2013.06.22"]
[EventType "swiss"]
[EventRounds "9"]
[EventCountry "CZE"]
[SourceTitle "CBM 155 Extra"]
[Source "ChessBase"]
[SourceDate "2013.08.26"]
[SourceVersion "1"]
[SourceVersionDate "2013.08.26"]
[SourceQuality "1"]

1. e4 c5 2. Nc3 g6 3. f4 d6 4. Nf3 Bg7 5. e5 Nc6 6. Bb5 dxe5 7. fxe5 Bd7 8. e6 Bxe6 9. Bxc6+ bxc6 10. 0-0 Nf6 11. d3 Ng4 12. Qe1 Bd5 13. Qh4 Bxf3 14. Rxf3 Bd4+ 15. Kh1 h5 16. Bf4 Qb6 17. Re1 Bf6 18. Bg5 Bxg5 19. Qxg5 Qc7 20. Qf4 Qxf4 21. Rxf4 Rb8 22. b3 Rb4 23. Rc4 Rxc4 24. bxc4 Nf6 25. Rb1 0-0 26. Rb7 e6 27. Na4 e5 28. Nxc5 e4 29. Re7 exd3 30. cxd3 Re8 31. Rxe8+ Nxe8 32. Kg1 Kf8 33. Kf2 Ke7 34. Ke3 Kd6 35. Ne4+ Ke5 36. d4+ Kf5 37. h3 g5 38. Ng3+ Kg6 39. c5 Nc7 40. Ke4 f6 41. Nf5 Nd5 42. g4 h4 43. a3 Kf7 44. Kf3 Nf4 45. Nxh4 Nxh3 46. Ng2 Ke6 47. Kg3 Kd5 48. Kxh3 Kxd4 49. Kg3 Kxc5 50. Kf3 Kd4 51. Ne1 c5 52. Nc2+ Kc3 53. Ne3 Kb3 54. Ke4 Kxa3 55. Kd5 Kb4 56. Nc4 a6 57. Nb2 Kb3 58. Nc4 Kb4 1/2-1/2